Statistics for 50 Hollywood history figures

Click here to take the quiz!

General Stats

  • This quiz has been taken 66 times
  • The average score is 30 of 50

Answer Stats

HintAnswer% Correct
Captain Jack SparrowJohnny Depp
96%
Director behind Jaws, Indiana Jones, Schindler's ListSteven Spielberg
96%
Breakfast at Tiffany's, Roman HolidayAudrey Hepburn
92%
The ultimate blonde bombshellMarilyn Monroe
92%
Pretty WomanJulia Roberts
90%
Hannibal LectorAnthony Hopkins
88%
Star and dancing partner of Fred AstairGinger Rogers
88%
CleopatraElizabeth Taylor
86%
Indiana, HanHarrison Ford
86%
Don CorleoneMarlon Brando
86%
Bad Boys, MIB, the slapWill Smith
86%
Hitchcock star who married a princeGrace Kelly
84%
'The Duke' of classic westernsJohn Wayne
84%
Master of suspenseAlfred Hitchcock
82%
Michael CorleoneAl Pacino
80%
He told Sam to play it againHumphrey Bogart
80%
Scarlett O'HaraVivien Leigh
80%
Hollywood heiress, sci-fi princess,Carrie Fisher
78%
Manhattan, Annie HallWoody Allen
76%
She's not in Kansas anymoreJudy Garland
73%
Pulp film makerQuentin Tarantino
73%
She has won three OscarsMeryl Streep
71%
German-born femme fatale of early cinemaMarlene Dietrich
69%
Animation pioneerWalt Disney
69%
Mogul disgraced over sexual assaultsHarvey Weinstein
67%
Taxi Driver, Bugsy Malone, Silence of the LambsJodie Foster
67%
The 'G' of MGM picturesSamuel Goldwyn
67%
Look who came to dinnerSidney Poitier
61%
Innovator behind Citizen KaneOrson Welles
59%
Wrote the Star Wars themeJohn Williams
57%
Took us on a space odysseyStanley Kubrick
57%
Hitchcock's favourite actorCary Grant
51%
Steely western actor turned war movie directorClint Eastwood
49%
Composed The Good, the Bad and the Ugly themeEnnio Morricone
47%
Cooked up spaghetti westernsSergio Leone
47%
Auteur who made Do the Right ThingSpike Lee
43%
First woman to win directing OscarKathryn Bigelow
39%
Early FrankensteinBoris Karloff
37%
Directed epics - Lawrence, Zhivago, KwaiDavid Lean
35%
Directed Sunset Boulevard, Some Like it HotBilly Wilder
33%
Producer behind James BondCubby Broccoli
33%
Pioneering early director known for racist filmDW Griffith
33%
'The Sheik' of silent filmRudolph Valentino
33%
Gothic director of Edward Scissorhands etcTim Burton
33%
Legendary costume designer spoofed in the IncrediblesEdith Head
24%
Most successful contemporary score writerHans Zimmer
24%
'Great stone face'Buster Keaton
18%
Wrote the Social Network, Moneyball, A Few Good MenAaron Sorkin
14%
Producer of Top Gun, other modern blockbustersJerry Bruckheimer
14%
Wrote Marathon Man, Butch Cassidy, Princess BrideWilliam Goldman
10%

Score Distribution

Percentile by Number Answered

Percent of People with Each Score

Your Score History

You have not taken this quiz